| 000 | 01424nam a22003017a 4500 | ||
|---|---|---|---|
| 001 | 4184 | ||
| 003 | FISKH | ||
| 005 | 20250409154429.0 | ||
| 008 | 240626b cb ||||| |||| 00| 0 eng d | ||
| 020 | _a9781842556726 | ||
| 040 |
_aFISKH _beng _cFISKH _dFISKH |
||
| 050 | _aPZ7 | ||
| 082 | _a823.914 | ||
| 100 | _aSimon, Francesca | ||
| 245 |
_aDon't be Horrid, Henry! / _cFrancesca Simon ; Illustrated byTony Ross |
||
| 250 | _aFirst published in Great Britain in 2008 | ||
| 260 |
_aLondon : _bOrion Children's Books, _c2000 |
||
| 300 |
_a60 pages : _bcolor illustrations ; _c20 cm |
||
| 490 | _aEarly reader | ||
| 505 | _aJ | ||
| 520 | _aIt's a dreadful shock for Horrid Henry when Perfect Peter is born, and despite his best, or worst, efforts, he can't manage to get rid of him. As Peter gets bigger, Henry gets crosser. But the day comes when Henry inadvertently finds himself saving Peter from a big fierce dog, and discovers that it's rather nice to be a hero. Setting the scene for the Horrid Henry storybooks, this is a story with a universally recognizable theme. The text is very simple and very funny: the artwork is bright and colorful in the spirit of the original Horrid Henry books. | ||
| 521 | 8 |
_a490
_bLexile |
|
| 521 | 8 |
_aJ
_bRaz-Plus |
|
| 650 |
_aHorrid Henry _vChildren's Fiction _xEarly Reader |
||
| 700 |
_aRoss, Tony _eIllustrator |
||
| 942 |
_2ddc _cBK _n0 |
||
| 999 |
_c4184 _d4184 |
||